书目信息 |
| 题名: |
塞内加
|
|
| 作者: | 塞内加 著 ;王焕生 译 | |
| 分册: | ||
| 出版信息: | 长春 吉林出版集团股份有限公司 2019.08 |
|
| 页数: | 13, 615页 | |
| 开本: | 24cm | |
| 丛书名: | 古罗马戏剧全集 | |
| 单 册: | ||
| 中图分类: | I546.32 | |
| 科图分类: | ||
| 主题词: | 戏剧--xi ju--剧本--作品集--古罗马 | |
| 电子资源: | ||
| ISBN: | 978-7-5534-1497-3 | |
| 000 | 00978nam 2200289 450 | |
| 001 | 202019138427 | |
| 005 | 20191026133322.0 | |
| 010 | @a978-7-5534-1497-3@b精装@dCNY198.00 | |
| 100 | @a20191025d2019 em y0chiy50 ea | |
| 101 | 1 | @achi@clat |
| 102 | @aCN@b220000 | |
| 105 | @ay a 001by | |
| 106 | @ar | |
| 200 | 1 | @a塞内加@Asai nei jia@f王焕生译 |
| 210 | @a长春@c吉林出版集团股份有限公司@d2019.08 | |
| 215 | @a13, 615页@d24cm | |
| 225 | 2 | @a古罗马戏剧全集@Agu luo ma xi ju quan ji |
| 314 | @a版权页题: (古罗马) 塞内加著 | |
| 320 | @a有索引 | |
| 330 | @a本书主要内容包括: 疯狂的海格拉斯 ; 特洛亚妇女 ; 美狄亚 ; 希波吕托斯 ; 阿伽门农 ; 提埃斯特斯 ; 海格立斯在奥塔山上 ; 腓尼基女子 ; 奥克塔维娅等。 | |
| 410 | 0 | @12001 @a古罗马戏剧全集 |
| 606 | 0 | @a戏剧@Axi ju@x剧本@x作品集@x古罗马 |
| 690 | @aI546.32@v5 | |
| 701 | 0 | @a塞内加@Asai nei jia@4著 |
| 702 | 0 | @a王焕生@Awang huan sheng@4译 |
| 801 | 0 | @aCN@c20190905 |
| 905 | @a河南城建学院图书馆@dI546.32@eS012 | |
| 塞内加/王焕生译.-长春:吉林出版集团股份有限公司,2019.08 |
| 13, 615页;24cm.-(古罗马戏剧全集) |
| ISBN 978-7-5534-1497-3(精装):CNY198.00 |
| 本书主要内容包括: 疯狂的海格拉斯 ; 特洛亚妇女 ; 美狄亚 ; 希波吕托斯 ; 阿伽门农 ; 提埃斯特斯 ; 海格立斯在奥塔山上 ; 腓尼基女子 ; 奥克塔维娅等。 |
| ● |
| 相关链接 |
|
|
|
正题名:塞内加
索取号:I546.32/S012
 
预约/预借
| 序号 | 登录号 | 条形码 | 馆藏地/架位号 | 状态 | 备注 |
| 1 | 1456693 | 214566931 | 文学库116/116文学库 18排6列1层/ [索取号:I546.32/S012] | 在馆 |